| Tag |
First Indicator |
Second Indicator |
Subfields |
| LEADER |
00000cam a2200000 a 4500 |
| 001 |
in00002780170 |
| 005 |
20150922120634.0 |
| 008 |
110502s2012 maua c bkq 001 0 eng |
| 010 |
|
|
|a 2011012159
|
| 016 |
7 |
|
|a 016106816
|2 Uk
|
| 020 |
|
|
|a 9780547478814 (hbk.)
|
| 020 |
|
|
|a 054747881X (hbk.)
|
| 035 |
|
|
|a (OCoLC)ocn723140938
|
| 035 |
|
|
|a (OCoLC)723140938
|
| 040 |
|
|
|a DLC
|b eng
|c DLC
|d IG#
|d BDX
|d UKMGB
|d IK2
|d IEP
|d YDXCP
|d UtOrBLW
|
| 043 |
|
|
|a zma----
|
| 049 |
|
|
|a TXAM
|
| 050 |
0 |
0 |
|a QB641
|b .R87 2012
|
| 082 |
0 |
0 |
|a 523.43
|2 23
|
| 100 |
1 |
|
|a Rusch, Elizabeth.
|
| 245 |
1 |
4 |
|a The mighty Mars rovers :
|b the incredible adventures of Spirit and Opportunity /
|c by Elizabeth Rusch.
|
| 264 |
|
1 |
|a Boston :
|b Houghton Mifflin Books for Children,
|c 2012.
|
| 300 |
|
|
|a 79 pages :
|b illustrations (chiefly color) ;
|c 24 x 29 cm.
|
| 336 |
|
|
|a text
|b txt
|2 rdacontent
|
| 337 |
|
|
|a unmediated
|b n
|2 rdamedia
|
| 338 |
|
|
|a volume
|b nc
|2 rdacarrier
|
| 490 |
1 |
|
|a Scientists in the field
|
| 520 |
|
|
|a The story of the two robot vehicles, Spirit and Opportunity, that were sent to explore Mars, lasting far past their projected lives of 3 months and sending back invaluable images of the environmentally hostile planet.
|
| 504 |
|
|
|a Includes bibliographical references (page 76), discography (page 78), filmography (page 78), and index.
|
| 505 |
0 |
|
|a Mars exploration rover mission -- Mission impossible -- The making of the Mars rovers -- Are we really on Mars? -- Hitting the dusty trail -- Can Opportunity climb down? -- Can Spirit climb up? -- The problem with courage -- A broken Spirit -- Opportunity's last stand? -- Free Spirit -- Mission more than accomplished!
|
| 651 |
|
0 |
|a Mars (Planet)
|x Exploration
|v Juvenile literature.
|
| 650 |
|
0 |
|a Roving vehicles (Astronautics)
|v Juvenile literature.
|
| 650 |
|
0 |
|a Mars probes
|v Juvenile literature.
|
| 830 |
|
0 |
|a Scientists in the field.
|
| 938 |
|
|
|a Ingram
|b INGR
|n 9780547478814
|
| 938 |
|
|
|a Brodart
|b BROD
|n 13558803
|c $18.99
|
| 938 |
|
|
|a YBP Library Services
|b YANK
|n 8624609
|
| 947 |
|
|
|a A14835997271
|
| 945 |
|
|
|a PromptCat
|b 30976
|
| 946 |
|
|
|a curr
|
| 994 |
|
|
|a 92
|b TXA
|
| 948 |
|
|
|a Cataloged
|b h
|c 2012/9/26
|d c
|e EGrant
|
| 999 |
|
|
|a MARS
|
| 999 |
f |
f |
|s 830ce54d-59a0-3553-bf43-13f1ac27a923
|i a221daff-9de3-3e2b-9af4-e83f14a0147e
|t 0
|
| 952 |
f |
f |
|p normal
|a Texas A&M University
|b College Station
|c Sterling C. Evans Library
|d Evans: Curriculum Collection (4th floor)
|t 0
|e QB641 .R87 2012
|h Library of Congress classification
|i unmediated -- volume
|m A14835997271
|
| 998 |
f |
f |
|a QB641 .R87 2012
|t 0
|l Evans: Curriculum Collection (4th floor)
|